[Event "XI GRAN TORNEO INTERNACIONAL AFICIONADOS"]
[Site "Benidorm (Alicante - SPAIN)"]
[Date "2012.12.01"]
[Round "2"]
[White "Coves Sepulcre, Laureano"]
[Black "Roca Cruz, Rafael"]
[Result "0-1"]
[WhiteElo "1873"]
[BlackElo "1992"]
[PlyCount "98"]
[EventDate "2012.11.30"]
[EventRounds "10"]
[EventCountry "ESP"]

1. c4 c6 2. Nf3 d5 3. e3 Nf6 4. Nc3 e6 5. b3 Be7 6. Bb2 O-O 7. d4 b6 8. Bd3
Nbd7 9. O-O Bb7 10. Rc1 c5 11. Qe2 Ne4 12. cxd5 Nxc3 13. Bxc3 cxd4 14. Bxd4
Bxd5 15. Rc2 Nc5 16. Bxc5 Bxc5 17. Bc4 Be4 18. Rd2 Qf6 19. Rfd1 Rfd8 20. Bd3
Bxf3 21. gxf3 Rd5 22. f4 Qh4 23. Qf3 Rad8 24. Qe2 Bb4 25. Rc2 Rh5 26. f3 Bc5
27. Kh1 Rhd5 28. Rcd2 Bb4 29. Rc2 Qe7 30. Rcc1 Ba3 31. Rb1 Qb4 32. Be4 Rd2 33.
Rxd2 Rxd2 34. Qc4 Qxc4 35. bxc4 Rxa2 36. f5 exf5 37. Bxf5 g6 38. Bd3 Bc5 39. e4
Bd6 40. Rc1 Rxh2+ 41. Kg1 Rd2 42. Bf1 Bc5+ 43. Kh1 a5 44. Ra1 Kg7 45. Bg2 Kf6
46. Kh2 Ke5 47. Kg3 Bf2+ 48. Kg4 Bd4 49. f4+ Kd6 0-1

[Event "XI GRAN TORNEO INTERNACIONAL AFICIONADOS"]
[Site "Benidorm (Alicante - SPAIN)"]
[Date "2012.12.01"]
[Round "2"]
[White "Martinez Zazo, Jesus"]
[Black "Ramirez Rus, Fernando"]
[Result "1-0"]
[WhiteElo "1863"]
[BlackElo "1992"]
[PlyCount "70"]
[EventDate "2012.11.30"]
[EventRounds "10"]
[EventCountry "ESP"]

1. e4 c5 2. Nf3 d6 3. Be2 g6 4. O-O Bg7 5. c3 e6 6. d4 cxd4 7. cxd4 Ne7 8. Nc3
O-O 9. Be3 a6 10. Qd2 Nd7 11. Bh6 b5 12. a3 Bb7 13. Bxg7 Kxg7 14. h4 Rc8 15.
Rfd1 Nb6 16. Qf4 Nc4 17. Bxc4 Rxc4 18. h5 Ng8 19. Rd3 Nh6 20. Nd2 Rc8 21. Rh3
Ng8 22. e5 dxe5 23. Qxe5+ Qf6 24. h6+ Kh8 25. Qe3 Ne7 26. Nde4 Qf5 27. Nd6 Rxc3
28. Qxc3 Qd5 29. Nxb7 Qxb7 30. d5+ f6 31. dxe6 Qc6 32. Rc1 Qd5 33. Qc7 Qd2 34.
Rhc3 Qd8 35. Qb7 Ng8 1-0

[Event "XI GRAN TORNEO INTERNACIONAL AFICIONADOS"]
[Site "Benidorm (Alicante - SPAIN)"]
[Date "2012.12.01"]
[Round "2"]
[White "Sanz Bastos, Fernando"]
[Black "Garcia Sanchez, Jose Manuel"]
[Result "0-1"]
[WhiteElo "1989"]
[BlackElo "1865"]
[PlyCount "140"]
[EventDate "2012.11.30"]
[EventRounds "10"]
[EventCountry "ESP"]

1. e4 e5 2. Nf3 d5 3. exd5 Bd6 4. Nc3 Nf6 5. d3 h6 6. Be2 O-O 7. Bd2 Nbd7 8.
Ne4 Nxd5 9. Nxd6 cxd6 10. c4 Ne7 11. O-O Nf6 12. Bc3 Qc7 13. d4 e4 14. Nd2 d5
15. c5 Bf5 16. Re1 Qf4 17. Nf1 Ng4 18. Bxg4 Bxg4 19. Qd2 Ng6 20. Qe3 Rae8 21.
Bd2 Qc7 22. Qg3 Qxg3 23. hxg3 Be6 24. b4 f5 25. b5 f4 26. gxf4 Nxf4 27. Bxf4
Rxf4 28. a4 Ref8 29. Ra2 Rc8 30. Ne3 Rf6 31. Rc2 Bf7 32. Ng4 Re6 33. Ne5 Be8
34. Rec1 Kf8 35. Kf1 Ke7 36. Ke2 g5 37. Ke3 h5 38. Rb2 Kd8 39. f3 exf3 40. gxf3
Ke7 41. Rg1 Kf6 42. Rbg2 Rxc5 43. dxc5 Rxe5+ 44. Kd4 Rf5 45. Re2 Bf7 46. Re3
Rf4+ 47. Kd3 Rxa4 48. Rc1 Bg6+ 49. Kd2 d4 50. Rb3 Ra2+ 51. Ke1 d3 52. Rxd3 Bxd3
53. c6 Re2+ 54. Kd1 bxc6 55. bxc6 Re8 56. c7 Bf5 57. Rc6+ Be6 58. Kd2 Rc8 59.
Rc5 Bf5 60. Ke3 Re8+ 61. Kd4 h4 62. Rc6+ Be6 63. Rc2 h3 64. Kc5 Rh8 65. Rh2 Bc8
66. Kd6 Kf5 67. Ke7 Kf4 68. Kf6 g4 69. fxg4 Kxg4 70. Kg7 Rh4 0-1

[Event "XI GRAN TORNEO INTERNACIONAL AFICIONADOS"]
[Site "Benidorm (Alicante - SPAIN)"]
[Date "2012.12.01"]
[Round "2"]
[White "Hernandez Delgado, Gabriel"]
[Black "Young, Mel J"]
[Result "0-1"]
[WhiteElo "1987"]
[BlackElo "1863"]
[PlyCount "58"]
[EventDate "2012.11.30"]
[EventRounds "10"]
[EventCountry "ESP"]

1. d4 c5 2. e3 f5 3. Bd3 e6 4. Nf3 Nf6 5. c4 Bd6 6. Nc3 O-O 7. O-O a6 8. Ne5
Nc6 9. Nxc6 dxc6 10. f4 cxd4 11. exd4 c5 12. Na4 cxd4 13. c5 Bc7 14. b4 Nd5 15.
Qb3 Bd7 16. Bb2 Nxf4 17. Bc4 Qg5 18. Rxf4 Qxf4 19. Bxe6+ Bxe6 20. Qxe6+ Kh8 21.
g3 Qe3+ 22. Qxe3 dxe3 23. Re1 Rae8 24. Re2 Kg8 25. Bc1 f4 26. gxf4 Rxf4 27. a3
Rg4+ 28. Kh1 Rf8 29. Re1 Rf2 0-1

[Event "XI GRAN TORNEO INTERNACIONAL AFICIONADOS"]
[Site "Benidorm (Alicante - SPAIN)"]
[Date "2012.12.01"]
[Round "2"]
[White "Rico Sanchez, Julio"]
[Black "Marti Blanes, Jose Manuel"]
[Result "1-0"]
[WhiteElo "1859"]
[BlackElo "1987"]
[PlyCount "109"]
[EventDate "2012.11.30"]
[EventRounds "10"]
[EventCountry "ESP"]

1. d4 Nf6 2. c4 g6 3. Nc3 Bg7 4. e4 d6 5. f3 O-O 6. Be3 e5 7. d5 Nh5 8. Qd2 f5
9. exf5 gxf5 10. Bg5 Bf6 11. Bxf6 Qxf6 12. O-O-O Na6 13. Nge2 Kh8 14. Ng3 Nf4
15. Nge2 Ng6 16. g3 Bd7 17. h4 Nc5 18. Qg5 Qxg5+ 19. hxg5 e4 20. Nf4 Nxf4 21.
gxf4 Kg7 22. b4 Na4 23. Nxa4 Bxa4 24. Rd2 Be8 25. Be2 Bg6 26. Kb2 Rae8 27. c5
exf3 28. Bxf3 Re3 29. Bg2 Rfe8 30. cxd6 cxd6 31. Rc1 R8e7 32. Rc3 Bh5 33. Rxe3
Rxe3 34. Rc2 Kg6 35. Rc3 Re2+ 36. Rc2 Bg4 37. Rxe2 Bxe2 38. Kc2 Kh5 39. Kd2 Bg4
40. Ke3 Kh4 41. Kf2 Bd1 42. a3 Kg4 43. Ke3 Kg3 44. Bf1 Bc2 45. Be2 a6 46. Bh5
Be4 47. Bf7 Kg4 48. Bg8 Kh5 49. Bxh7 Bxd5 50. Bxf5 b6 51. Be4 Bf7 52. Kd4 Kg4
53. g6 Be6 54. Bd5 Kf5 55. g7 1-0

[Event "XI GRAN TORNEO INTERNACIONAL AFICIONADOS"]
[Site "Benidorm (Alicante - SPAIN)"]
[Date "2012.12.01"]
[Round "2"]
[White "Maronda Escriva, Ivan"]
[Black "Sumin, Vladyslav"]
[Result "0-1"]
[WhiteElo "1857"]
[BlackElo "1983"]
[PlyCount "78"]
[EventDate "2012.11.30"]
[EventRounds "10"]
[EventCountry "ESP"]

1. d4 Nf6 2. Nf3 c5 3. d5 d6 4. c4 b5 5. Nbd2 bxc4 6. e4 e6 7. Bxc4 exd5 8.
exd5 Qe7+ 9. Qe2 Bb7 10. Qxe7+ Bxe7 11. O-O Nxd5 12. Re1 Nb4 13. Bb3 d5 14. a3
Nd3 15. Re3 c4 16. Nd4 Kd8 17. Bc2 Bc5 18. N2f3 Nc6 19. Nxc6+ Bxc6 20. Re2 Nxc1
21. Rxc1 f6 22. Rd2 Kc7 23. b4 Bd6 24. Nd4 Bd7 25. Rcd1 Bf4 26. Re2 Rae8 27. g3
Be5 28. Red2 g6 29. Kg2 Re7 30. Nf3 Bc6 31. b5 Bb7 32. Nd4 Bxd4 33. Rxd4 Re2
34. Rc1 Kb6 35. Kf1 Rhe8 36. a4 Kc5 37. Rh4 R8e7 38. Bd3 Rd2 39. Bc2 Bc8 0-1

[Event "XI GRAN TORNEO INTERNACIONAL AFICIONADOS"]
[Site "Benidorm (Alicante - SPAIN)"]
[Date "2012.12.01"]
[Round "2"]
[White "Tonus, Alex"]
[Black "Scholl, Alois"]
[Result "1-0"]
[WhiteElo "1980"]
[BlackElo "1858"]
[PlyCount "93"]
[EventDate "2012.11.30"]
[EventRounds "10"]
[EventCountry "ESP"]

1. e4 e6 2. d4 d5 3. Nc3 Bb4 4. e5 Ne7 5. a3 Bxc3+ 6. bxc3 Nd7 7. Bd3 c5 8. Qg4
Ng6 9. Nf3 Ndf8 10. O-O c4 11. Bxg6 Nxg6 12. h4 h5 13. Qg3 Kd7 14. Ng5 Qe8 15.
Re1 Ne7 16. Qf3 Nf5 17. g3 Kc6 18. a4 Bd7 19. a5 Kc7 20. Ba3 g6 21. Reb1 b6 22.
Bb4 b5 23. a6 Rc8 24. Bd6+ Nxd6 25. exd6+ Kb6 26. Qxf7 Kc6 27. Qxe8 Rhxe8 28.
Nf7 Kb6 29. Ne5 Rcd8 30. Nf7 Rb8 31. Re1 Rf8 32. Ne5 Rbd8 33. Nxg6 Rf3 34. Re3
Rxe3 35. fxe3 Be8 36. Ne7 Bd7 37. Kg2 Bc8 38. Nxc8+ Rxc8 39. g4 hxg4 40. Kg3
Rg8 41. d7 Kc7 42. Rb1 Kb6 43. Ra1 Kc7 44. Rf1 Kb6 45. Rf6 Kxa6 46. Rxe6+ Kb7
47. Re8 1-0

[Event "XI GRAN TORNEO INTERNACIONAL AFICIONADOS"]
[Site "Benidorm (Alicante - SPAIN)"]
[Date "2012.12.01"]
[Round "2"]
[White "RGarzon Negrete, Martin Felipe"]
[Black "Cardenas, Fernando Adrian"]
[Result "0-1"]
[WhiteElo "1853"]
[BlackElo "1980"]
[PlyCount "68"]
[EventDate "2012.11.30"]
[EventRounds "10"]
[EventCountry "ESP"]

1. Nf3 d5 2. b3 Nf6 3. g3 g6 4. d3 Bg7 5. Bb2 c5 6. Bg2 Nc6 7. Nbd2 O-O 8. h4
Bg4 9. Nh2 Be6 10. a4 Qd7 11. a5 Bh3 12. Bf3 e5 13. Ra4 Rad8 14. Qa1 Nd4 15.
Bxd4 cxd4 16. Rg1 h5 17. Bh1 Rc8 18. Ra2 Rc7 19. Nhf3 Qe7 20. Ng5 Bg4 21. f3
Bf5 22. Kf2 Nh7 23. f4 exf4 24. Nf1 Nxg5 25. hxg5 Re8 26. Qd1 Qxg5 27. Bxd5
Rce7 28. Bf3 Bg4 29. gxf4 Qxf4 30. c4 dxc3 31. Ra4 Rxe2+ 32. Qxe2 Rxe2+ 33.
Kxe2 Qxf3+ 34. Ke1 Qe2# 0-1

[Event "XI GRAN TORNEO INTERNACIONAL AFICIONADOS"]
[Site "Benidorm (Alicante - SPAIN)"]
[Date "2012.12.01"]
[Round "2"]
[White "Armelles Ferrer, Miguel"]
[Black "Moya de la Flor, Daniel"]
[Result "1-0"]
[WhiteElo "1852"]
[BlackElo "1976"]
[PlyCount "105"]
[EventDate "2012.11.30"]
[EventRounds "10"]
[EventCountry "ESP"]

1. e4 e6 2. d4 d5 3. Nd2 Be7 4. Ngf3 c5 5. Be2 Nc6 6. dxc5 Bxc5 7. O-O Be7 8.
exd5 Qxd5 9. c4 Qd8 10. Qc2 Nf6 11. b3 O-O 12. Bb2 Qc7 13. Ng5 e5 14. Ndf3 h6
15. Ne4 Bg4 16. Nxf6+ Bxf6 17. Rad1 Bh5 18. a3 Rad8 19. Rfe1 Bg6 20. Qc1 Rxd1
21. Rxd1 e4 22. Nd2 Bg5 23. Qa1 f5 24. c5 f4 25. Nf1 Bf6 26. Bc4+ Kh7 27. b4
Ne5 28. Bb5 a6 29. Ba4 Nd3 30. Bxf6 Rxf6 31. Qd4 Rf8 32. Bc2 Rd8 33. Qa1 Qe7
34. Re1 Nxe1 35. Qxe1 Qe5 36. Qb1 Qd4 37. h3 Re8 38. g4 h5 39. Nh2 Re6 40. Kg2
h4 41. Qe1 Be8 42. Nf3 Qd8 43. Bxe4+ Kh8 44. Qb1 Bc6 45. Bxc6 Rxc6 46. Qf5 Qf6
47. Qh5+ Kg8 48. Nxh4 Re6 49. g5 Qe5 50. Qg4 Qe4+ 51. Nf3 Re8 52. h4 Rd8 53. g6
1-0

[Event "XI GRAN TORNEO INTERNACIONAL AFICIONADOS"]
[Site "Benidorm (Alicante - SPAIN)"]
[Date "2012.12.01"]
[Round "2"]
[White "Busto Prendes, Abel"]
[Black "Martin-Consuegra Barrilero, Ja"]
[Result "1-0"]
[WhiteElo "1973"]
[BlackElo "1855"]
[PlyCount "67"]
[EventDate "2012.11.30"]
[EventRounds "10"]
[EventCountry "ESP"]

1. e4 d6 2. f4 Nf6 3. Nc3 d5 4. e5 d4 5. exf6 dxc3 6. bxc3 exf6 7. Nf3 Bd6 8.
d4 Qe7+ 9. Be2 O-O 10. O-O c6 11. Bd3 Bg4 12. h3 Bxf3 13. Qxf3 Nd7 14. Bd2 Rfe8
15. c4 Nf8 16. Rab1 Rab8 17. Qg4 c5 18. d5 Qc7 19. Bc3 Kh8 20. Rf3 Ng6 21. Rbf1
Rg8 22. h4 Be7 23. Qh5 Bd8 24. g4 Nf8 25. g5 g6 26. Qg4 Qd6 27. f5 h5 28. Qe4
Kh7 29. fxg6+ Rxg6 30. Qf4 Bc7 31. Qxd6 Bxd6 32. Rxf6 Bg3 33. Rxf7+ Kg8 34.
Bxg6 1-0

[Event "XI GRAN TORNEO INTERNACIONAL AFICIONADOS"]
[Site "Benidorm (Alicante - SPAIN)"]
[Date "2012.12.01"]
[Round "2"]
[White "Moreno Cervera, Jose Luis"]
[Black "Botelho, Luis Miguel Rodrigue"]
[Result "1/2-1/2"]
[WhiteElo "1847"]
[BlackElo "1972"]
[PlyCount "105"]
[EventDate "2012.11.30"]
[EventRounds "10"]
[EventCountry "ESP"]

1. d4 g6 2. Bf4 Bg7 3. e3 d6 4. Nf3 b6 5. Be2 Bb7 6. O-O Nd7 7. h3 e5 8. Bg5 f6
9. Bh4 Nh6 10. dxe5 dxe5 11. Nc3 Nf5 12. Bg3 Nxg3 13. fxg3 O-O 14. e4 Nc5 15.
Bc4+ Kh8 16. Qe2 c6 17. Rad1 Qe7 18. b4 Ne6 19. b5 Rfd8 20. bxc6 Bxc6 21. Nd5
Qc5+ 22. Kh2 Rd6 23. c3 Rad8 24. Nd2 b5 25. Bb3 Bxd5 26. Bxd5 Nc7 27. Nb3 Qb6
28. c4 bxc4 29. Bxc4 a5 30. Rxd6 Rxd6 31. Rd1 a4 32. Qg4 f5 33. Rxd6 Qxd6 34.
exf5 axb3 35. axb3 gxf5 36. Qxf5 Bf6 37. Qg4 Qf8 38. b4 Ne8 39. b5 Nd6 40. b6
e4 41. Bd5 e3 42. b7 Qb8 43. Qf4 Bg7 44. Qxe3 Nf5 45. Qf4 Nd6 46. Qa4 Be5 47.
Qg4 Nxb7 48. Bxb7 Qxb7 49. Qe6 Qc7 50. Qb3 Qc3 51. Qxc3 Bxc3 52. g4 Kg7 53. h4
1/2-1/2

[Event "XI GRAN TORNEO INTERNACIONAL AFICIONADOS"]
[Site "Benidorm (Alicante - SPAIN)"]
[Date "2012.12.01"]
[Round "2"]
[White "Fuset Torralba, Jose Luis"]
[Black "Haddad Filho, Paulo Ibrahim"]
[Result "1/2-1/2"]
[WhiteElo "1846"]
[BlackElo "1972"]
[PlyCount "136"]
[EventDate "2012.11.30"]
[EventRounds "10"]
[EventCountry "ESP"]

1. c4 Nf6 2. g3 e6 3. Nf3 d5 4. b3 c5 5. cxd5 exd5 6. d4 cxd4 7. Nxd4 Bb4+ 8.
Bd2 Bc5 9. e3 Bxd4 10. exd4 O-O 11. h3 Nc6 12. Be3 Re8 13. Bd3 Ne4 14. Bxe4
Rxe4 15. Kf1 Qf6 16. Kg2 Bf5 17. Nc3 Ree8 18. Qd2 h6 19. f3 Rad8 20. g4 Bh7 21.
Rae1 Nb4 22. Bf2 Rxe1 23. Rxe1 Nd3 24. Nxd5 Nxe1+ 25. Qxe1 Qd6 26. Nc3 a6 27.
Na4 b6 28. Qe2 Bb1 29. Nc3 Bg6 30. Qxa6 f5 31. Na4 fxg4 32. hxg4 Rf8 33. Nc3 h5
34. Qc4+ Bf7 35. Qd3 hxg4 36. fxg4 Rc8 37. Qf3 Rf8 38. Qd3 Qf4 39. Qg3 Qd2 40.
Qe3 Qc2 41. Kg3 Rc8 42. Be1 Re8 43. Qd2 Qg6 44. d5 Qd6+ 45. Kg2 Bxd5+ 46. Nxd5
Rd8 47. a4 Qc6 48. Qc3 Qxd5+ 49. Kg3 Qd3+ 50. Qxd3 Rxd3+ 51. Kf4 Rxb3 52. a5
bxa5 53. Bxa5 Kf7 54. Be1 Kf6 55. Bh4+ Kg6 56. Be7 Rb7 57. Bh4 Rb4+ 58. Kf3 Kh6
59. Be7 Rc4 60. Bd8 Kg6 61. Be7 Kf7 62. Bg5 Ke6 63. Bf4 Kf7 64. Bd2 Rc2 65. Bf4
Kf6 66. Ke4 Rc4+ 67. Kf3 Ke6 68. Bd2 Kd5 1/2-1/2

[Event "XI GRAN TORNEO INTERNACIONAL AFICIONADOS"]
[Site "Benidorm (Alicante - SPAIN)"]
[Date "2012.12.01"]
[Round "2"]
[White "Sanchez Sanchez, Alberto"]
[Black "Moya Pol, Antonio"]
[Result "1-0"]
[WhiteElo "1968"]
[BlackElo "1853"]
[PlyCount "109"]
[EventDate "2012.11.30"]
[EventRounds "10"]
[EventCountry "ESP"]

1. e4 c5 2. c3 d5 3. exd5 Qxd5 4. d4 Nf6 5. Nf3 Bg4 6. Be2 e6 7. O-O Nc6 8. Be3
cxd4 9. cxd4 a6 10. Nc3 Qd6 11. Qa4 Qb4 12. Rac1 Qxa4 13. Nxa4 Nd5 14. h3 Bh5
15. Nc5 Bxc5 16. Rxc5 O-O 17. a3 Rfc8 18. Rfc1 Nce7 19. Bg5 Rxc5 20. dxc5 f6
21. Bd2 Nc6 22. g4 Bf7 23. Bc4 Rd8 24. Be1 Nf4 25. Kh2 Nd3 26. Bxd3 Rxd3 27.
Rc3 Rd7 28. Nd2 e5 29. Ne4 Rd1 30. Re3 Nd4 31. Bc3 Bd5 32. Bxd4 exd4 33. Re2
Bxe4 34. Rxe4 d3 35. Rd4 Kf7 36. Kg2 Ke6 37. b4 Ke5 38. Rd7 d2 39. Kf3 Rh1 40.
Ke2 Ke6 41. Rxd2 Rxh3 42. Rd6+ Ke7 43. Rb6 Rxa3 44. Rxb7+ Ke6 45. Rxg7 Rb3 46.
Rb7 Kd5 47. Rb6 Ke5 48. Kd2 Ra3 49. f4+ Ke4 50. c6 Ra2+ 51. Kc3 Ra3+ 52. Kb2
Re3 53. c7 Re2+ 54. Kc3 Re3+ 55. Kd2 1-0

[Event "XI GRAN TORNEO INTERNACIONAL AFICIONADOS"]
[Site "Benidorm (Alicante - SPAIN)"]
[Date "2012.12.01"]
[Round "2"]
[White "Jimenez Chacon, Francisco"]
[Black "Carrasco Fernandez, Manuel"]
[Result "1-0"]
[WhiteElo "1966"]
[BlackElo "1852"]
[PlyCount "71"]
[EventDate "2012.11.30"]
[EventRounds "10"]
[EventCountry "ESP"]

1. e4 d5 2. exd5 Qxd5 3. Nc3 Qd6 4. Bc4 Nf6 5. d3 a6 6. a4 Bg4 7. f3 Bf5 8.
Nge2 e5 9. Be3 Be7 10. O-O O-O 11. Ng3 Bg6 12. f4 exf4 13. Rxf4 Nc6 14. Qd2
Rad8 15. Bb3 Ne5 16. h3 c5 17. Qf2 Nc6 18. Rf1 Nd4 19. Bc4 Qc6 20. a5 Qc7 21.
Nce4 Nd5 22. Bxd5 Rxd5 23. Nc3 Rd7 24. h4 h6 25. h5 Bd6 26. hxg6 Bxf4 27. Bxf4
Qc6 28. Nce4 f5 29. Be3 Rdd8 30. Nc3 Qxg6 31. Nce2 Qf6 32. Nh5 Qe5 33. Nxd4
cxd4 34. Bc1 g5 35. Re1 Qxa5 36. Ng3 {irreproducible} 1-0

[Event "XI GRAN TORNEO INTERNACIONAL AFICIONADOS"]
[Site "Benidorm (Alicante - SPAIN)"]
[Date "2012.12.01"]
[Round "2"]
[White "Todic, Simo"]
[Black "Hall, Rachid"]
[Result "0-1"]
[WhiteElo "1841"]
[BlackElo "1964"]
[PlyCount "74"]
[EventDate "2012.11.30"]
[EventRounds "10"]
[EventCountry "ESP"]

1. e4 c5 2. Nc3 Nc6 3. Bb5 Nd4 4. Nf3 a6 5. Bc4 e6 6. a4 Nf6 7. O-O b6 8. d3
Be7 9. Be3 d5 10. exd5 exd5 11. Ba2 Nxf3+ 12. Qxf3 Bg4 13. Qg3 d4 14. Bg5 dxc3
15. Bxf6 Bxf6 16. Qxg4 cxb2 17. Rfe1+ Kf8 18. Rab1 g6 19. Qf4 Kg7 20. Rxb2 Bxb2
21. Qxf7+ Kh6 22. Re3 Bf6 23. Rh3+ Bh4 24. Qf4+ Kg7 25. Rxh4 h5 26. Qf7+ Kh6
27. Re4 Rf8 28. Qc4 Qf6 29. f3 b5 30. Qb3 Rae8 31. axb5 Rxe4 32. dxe4 Qd4+ 33.
Kf1 axb5 34. Ke2 Rd8 35. Qe3+ Qxe3+ 36. Kxe3 c4 37. Ke2 Ra8 0-1

[Event "XI GRAN TORNEO INTERNACIONAL AFICIONADOS"]
[Site "Benidorm (Alicante - SPAIN)"]
[Date "2012.12.01"]
[Round "2"]
[White "Alonso Jimenez, Jaime"]
[Black "Blanco, Juan"]
[Result "0-1"]
[WhiteElo "1836"]
[BlackElo "1963"]
[PlyCount "102"]
[EventDate "2012.11.30"]
[EventRounds "10"]
[EventCountry "ESP"]

1. d4 Nf6 2. c3 g6 3. Nd2 Bg7 4. e4 d6 5. Ngf3 O-O 6. Bd3 c6 7. h3 Nbd7 8. Qb3
a5 9. a4 e5 10. O-O Nh5 11. Nc4 Qc7 12. Be3 h6 13. Rad1 Re8 14. Nh2 c5 15. Be2
Nhf6 16. dxe5 dxe5 17. Nd6 Re7 18. Bc4 Nf8 19. Nb5 Qc6 20. f3 Be6 21. Rd6 Qc8
22. Ng4 Nxg4 23. fxg4 Bxc4 24. Qxc4 Ne6 25. Rfd1 Rb8 26. R1d5 b6 27. Qd3 Kh7
28. Rd7 Rb7 29. Rxb7 Qxb7 30. Nd6 Qc6 31. b3 Nc7 32. Nc4 Nxd5 33. exd5 Qb7 34.
Nd2 Qd7 35. Nc4 Qd8 36. Qe4 Rd7 37. Kh2 Rxd5 38. Nxb6 Rd3 39. Nc4 Rxc3 40. Bxc5
Qh4 41. Be3 Qe1 42. Qf3 Rxb3 43. Bd2 Rxf3 44. Bxe1 Rf4 45. Nxa5 Rxa4 46. Nb3 f5
47. gxf5 gxf5 48. Nc5 Rc4 49. Nd3 Kg6 50. Kg3 Bf6 51. Ba5 Bh4+ 0-1

[Event "XI GRAN TORNEO INTERNACIONAL AFICIONADOS"]
[Site "Benidorm (Alicante - SPAIN)"]
[Date "2012.12.01"]
[Round "2"]
[White "Velasco Gomez, Esperanza"]
[Black "Stefanov, Evtim"]
[Result "0-1"]
[WhiteElo "1828"]
[BlackElo "1963"]
[PlyCount "50"]
[EventDate "2012.11.30"]
[EventRounds "10"]
[EventCountry "ESP"]

1. e4 c5 2. Nf3 e6 3. d4 cxd4 4. Nxd4 a6 5. Nc3 Qc7 6. Bd3 Nf6 7. O-O Bc5 8.
Nce2 b5 9. Nb3 Bb6 10. Ng3 h5 11. Re1 Ng4 12. Be3 Bxe3 13. fxe3 Qe5 14. Nd4
Nxh2 15. Kxh2 h4 16. Qg4 Nc6 17. c3 Qxg3+ 18. Qxg3 hxg3+ 19. Kxg3 Ne5 20. Bc2
Bb7 21. Rh1 Rxh1 22. Rxh1 Nc4 23. Kf4 e5+ 24. Kf3 exd4 25. b3 Nd2+ 0-1

[Event "XI GRAN TORNEO INTERNACIONAL AFICIONADOS"]
[Site "Benidorm (Alicante - SPAIN)"]
[Date "2012.12.01"]
[Round "2"]
[White "Rodriguez Marcos, Jose R"]
[Black "Nazarov, Alexander"]
[Result "1-0"]
[WhiteElo "1962"]
[BlackElo "1847"]
[PlyCount "27"]
[EventDate "2012.11.30"]
[EventRounds "10"]
[EventCountry "ESP"]

1. e4 c5 2. Nf3 Nc6 3. Nc3 g6 4. d4 cxd4 5. Nxd4 Bg7 6. Be3 d6 7. f3 Nf6 8. Bc4
Bd7 9. Qd2 a6 10. h4 h5 11. O-O-O b5 12. Bb3 O-O 13. g4 Ne5 14. Rdg1 {
irreproducible} 1-0

[Event "XI GRAN TORNEO INTERNACIONAL AFICIONADOS"]
[Site "Benidorm (Alicante - SPAIN)"]
[Date "2012.12.01"]
[Round "2"]
[White "Olmos Rosa, Fernando"]
[Black "Becking, Franz Josef"]
[Result "1-0"]
[WhiteElo "1818"]
[BlackElo "1958"]
[PlyCount "120"]
[EventDate "2012.11.30"]
[EventRounds "10"]
[EventCountry "ESP"]

1. d4 d5 2. c4 e6 3. Nc3 Nf6 4. Bf4 c6 5. cxd5 exd5 6. e3 Bf5 7. a3 Bg6 8. Nf3
Ne4 9. Qb3 Qb6 10. Qxb6 axb6 11. Nxe4 Bxe4 12. Be2 Nd7 13. O-O Be7 14. Rac1 O-O
15. Rfd1 Rfc8 16. Nd2 Bg6 17. Rc3 b5 18. Nf3 Nb6 19. Ne5 Nc4 20. Nxg6 hxg6 21.
Rc2 Kf8 22. Rdc1 Nxb2 23. Bxb5 Bxa3 24. Bf1 Nc4 25. Ra1 b5 26. Bxc4 dxc4 27.
Rxa3 Ke7 28. Rxa8 Rxa8 29. Kf1 Ra3 30. e4 c3 31. Bc1 Rb3 32. Ke2 b4 33. Kd3 Kd6
34. Kc4 Rb1 35. Bf4+ Kd7 36. Ra2 Rb2 37. Ra7+ Ke8 38. Rb7 Rxf2 39. Kd3 Rxf4 40.
Rxb4 c2 41. Rc4 Rf2 42. Rxc2 Rf6 43. Ke3 Re6 44. g3 Kd7 45. Ra2 g5 46. e5 Rh6
47. Ke4 Ke6 48. Ra6 Kd7 49. Ra7+ Ke6 50. Ra2 f5+ 51. Ke3 Kd5 52. Rc2 f4+ 53.
Kd3 Rh3 54. Rc5+ Ke6 55. Rxc6+ Kf5 56. e6 fxg3 57. hxg3 Rxg3+ 58. Ke2 Rg4 59.
Ke3 Rg1 60. d5 Re1+ {irreproducible} 1-0

[Event "XI GRAN TORNEO INTERNACIONAL AFICIONADOS"]
[Site "Benidorm (Alicante - SPAIN)"]
[Date "2012.12.01"]
[Round "2"]
[White "Fernandez Aguilar, Francisco"]
[Black "Teran Pereda, Luis"]
[Result "0-1"]
[WhiteElo "1955"]
[BlackElo "1838"]
[PlyCount "82"]
[EventDate "2012.11.30"]
[EventRounds "10"]
[EventCountry "ESP"]

1. e4 c5 2. Nf3 d6 3. d4 cxd4 4. Nxd4 Nf6 5. Nc3 a6 6. Bg5 e6 7. f4 Be7 8. Qf3
Qc7 9. O-O-O Nbd7 10. Bd3 Nc5 11. Rhe1 Nxd3+ 12. cxd3 b5 13. Kb1 b4 14. Nce2
Bb7 15. Qh3 O-O 16. Rc1 Qd7 17. f5 e5 18. Nf3 Rac8 19. g4 Rxc1+ 20. Rxc1 Rc8
21. Be3 Rxc1+ 22. Nxc1 Qc6 23. Ka1 Qc2 24. g5 Nxe4 25. Ne1 Qd1 26. dxe4 Qxe1
27. f6 Bf8 28. Qf3 Qh4 29. Nd3 Bxe4 30. Qf2 Qg4 31. Qf1 Bxd3 32. Qxd3 Qf3 33.
fxg7 Qh1+ 34. Qb1 Qxb1+ 35. Kxb1 Kxg7 36. Kc2 d5 37. Kb3 d4 38. Bd2 f5 39.
gxf6+ Kxf6 40. Bxb4 Bxb4 41. Kxb4 e4 0-1

[Event "XI GRAN TORNEO INTERNACIONAL AFICIONADOS"]
[Site "Benidorm (Alicante - SPAIN)"]
[Date "2012.12.01"]
[Round "2"]
[White "Ribon Calabia, Mariano"]
[Black "Cebada Benitez, Fernando"]
[Result "1-0"]
[WhiteElo "1814"]
[BlackElo "1953"]
[PlyCount "49"]
[EventDate "2012.11.30"]
[EventRounds "10"]
[EventCountry "ESP"]

1. e4 c5 2. Nf3 e6 3. d4 cxd4 4. Nxd4 a6 5. Nc3 Qc7 6. Bd3 Nf6 7. O-O Bb4 8.
Nce2 O-O 9. Ng3 Nc6 10. Nxc6 bxc6 11. Bg5 Qe5 12. f4 Qxb2 13. Rb1 Qd4+ 14. Kh1
g6 15. Rxb4 Qxb4 16. Bxf6 Re8 17. Qg4 d5 18. e5 c5 19. c3 Qa3 20. h4 c4 21. Bc2
Qxc3 22. Qg5 Qb4 23. h5 Qf8 24. hxg6 fxg6 25. Bxg6 1-0

[Event "XI GRAN TORNEO INTERNACIONAL AFICIONADOS"]
[Site "Benidorm (Alicante - SPAIN)"]
[Date "2012.12.01"]
[Round "2"]
[White "Oualili, Abdelali"]
[Black "Chesa Chavarria, Aurelio"]
[Result "1-0"]
[WhiteElo "1953"]
[BlackElo "1830"]
[PlyCount "65"]
[EventDate "2012.11.30"]
[EventRounds "10"]
[EventCountry "ESP"]

1. e4 c5 2. Nf3 d6 3. Bc4 Nf6 4. d3 e6 5. a3 Be7 6. O-O O-O 7. Re1 Nc6 8. c3 d5
9. exd5 exd5 10. Ba2 h6 11. Nbd2 Bf5 12. Nf1 Qc7 13. Ne3 Be6 14. Bd2 a5 15. a4
Rfe8 16. d4 c4 17. Bb1 Bd6 18. Bf5 Bxf5 19. Nxf5 Rxe1+ 20. Qxe1 Re8 21. Qc1 Ng4
22. h3 Bh2+ 23. Kf1 Nxf2 24. Kxf2 Re6 25. Nxh2 Qxh2 26. Qg1 Qb8 27. g4 Rf6 28.
Kg2 Rg6 29. Nh4 Re6 30. Re1 Qe8 31. Qf2 Nd8 32. Nf5 Re4 33. Nd6 1-0

[Event "XI GRAN TORNEO INTERNACIONAL AFICIONADOS"]
[Site "Benidorm (Alicante - SPAIN)"]
[Date "2012.12.02"]
[Round "3"]
[White "Voet, Dirk"]
[Black "Adeyemi, Adedeji"]
[Result "1-0"]
[WhiteElo "1911"]
[BlackElo "1997"]
[PlyCount "115"]
[EventDate "2012.11.30"]
[EventRounds "10"]
[EventCountry "ESP"]

1. e4 e6 2. d3 d5 3. Qe2 Nf6 4. g3 g6 5. Bg2 Bg7 6. e5 Nfd7 7. f4 O-O 8. Nf3 c5
9. O-O Nc6 10. c4 Ne7 11. Nc3 Nb6 12. b3 a6 13. Ba3 d4 14. Ne4 Nd7 15. Nxc5 Nf5
16. Nxd7 Qxd7 17. Bxf8 Bxf8 18. a3 Ne3 19. Rfc1 Nxg2 20. Qxg2 b6 21. Qf2 Bb7
22. Ng5 Qc6 23. Ne4 Be7 24. Qf3 Kg7 25. Kf2 a5 26. Ke2 h6 27. g4 Rh8 28. f5
exf5 29. gxf5 gxf5 30. Rg1+ Kf8 31. Qxf5 Bc8 32. Qf4 Be6 33. Qg3 Ke8 34. Qf2
Kd7 35. Qxd4+ Kc7 36. Qe3 a4 37. b4 h5 38. Raf1 Rd8 39. Nf6 Kb8 40. Qe4 Qc7 41.
Rg8 Bxf6 42. Rxd8+ Bxd8 43. Kd2 Bg5+ 44. Kc3 Qb7 45. Qxb7+ Kxb7 46. d4 Kc7 47.
d5 Bd7 48. Rxf7 Kd8 49. c5 bxc5 50. bxc5 Bh4 51. c6 Bg4 52. d6 Ke8 53. Ra7 Be1+
54. Kc4 Bf2 55. Rxa4 Bg1 56. Ra8+ Kf7 57. c7 Be2+ 58. Kc3 1-0